000 00550nam a2200217Ia 4500
003 OSt
005 20220928144645.0
006 a|||||r|||| 00| 0
007 ta
008 220927b |||||||| |||| 00| 0 eng d
024 _a72697
037 _cTextual
040 _aSDCL
_cSDCL
_beng
041 _2eng
_aeng
082 _aV541'N39<-M68, K6-K6;1
100 _aCarr Raymond
_9508860
245 0 _aSpain,1808-1939.
260 _c1966
942 _hV541'N39<-M68, K6-K6;1
_cTEXL
_2CC
999 _c828683
_d828683